000 01135njm a22003017a 4500
005 20100918120820.0
007 sd ammalaaahaa
008 100918t xxu||||| |||| 00| 0 hin d
028 _aSHFLP-1/1312
_bSuper ; T- Series
035 _aGR-04499
040 _aSED/VEN
100 _920657
245 _aMain tera dushman /
_h[sound recording] :
_cLyrics by Sameer ; music by Laxmikant Pyarelal
246 _aमैं तेरा दुश्मन
260 _aDum Dum India
_bSuper ; T-Series
_c1988
300 _a1 sound disc [Gramophone record] :
_banalog, 331/3 rpm
_c12 in (LP)
_fGramophone Record
500 _aBrief Record
500 _aSuper ; T-Series
500 _aRed
500 _aLong Play
505 _aBaje mera bichhu part 1 (Main tera dushman) (Anuradha Paudwal) Jinhe chahiye daulat rabba part 2 (Main tera dushman) Shabbir Kumar)
650 _vFilmi Song
_xExcerpts
_zIndia
_920658
_aClassical Music
700 _920659
_aSameer
700 _920660
_aLaxmikant Pyarelal
700 _920674
942 _2ddc
_cGR
999 _c47285
_d47285